000 00478pab a2200169 454500
008 180718b2011 xxu||||| |||| 00| 0 eng d
100 _aSuri, Shipra Narang
245 _aRevitalisation or historic districts in Indian cities: Experiences, challenges and some ideas for a fresh approach
260 _c2011
300 _ap.61-82.
362 _aJan-Jun
650 _aUrbanization - India
650 _aUrbanization
773 _aUrban India
908 _aN
909 _a92573
999 _c92573
_d92573